<?xml version="1.0" encoding="UTF-8"?>
<record
    xmlns:xsi="http://www.w3.org/2001/XMLSchema-instance"
    xsi:schemaLocation="http://www.loc.gov/MARC21/slim http://www.loc.gov/standards/marcxml/schema/MARC21slim.xsd"
    xmlns="http://www.loc.gov/MARC21/slim">

  <leader>02477cam a22002655i 4500</leader>
  <datafield tag="020" ind1=" " ind2=" ">
    <subfield code="a">9783319773155</subfield>
  </datafield>
  <datafield tag="040" ind1=" " ind2=" ">
    <subfield code="c">DLC</subfield>
  </datafield>
  <datafield tag="082" ind1="0" ind2="4">
    <subfield code="a">571 CRA 2018 A006 Or.</subfield>
  </datafield>
  <datafield tag="100" ind1="1" ind2=" ">
    <subfield code="a">Crang, Richard,</subfield>
  </datafield>
  <datafield tag="245" ind1="1" ind2="0">
    <subfield code="a">Plant Anatomy :</subfield>
    <subfield code="b">A Concept-Based Approach to the Structure of Seed Plants /</subfield>
  </datafield>
  <datafield tag="250" ind1=" " ind2=" ">
    <subfield code="a">1st ed. 2018.</subfield>
  </datafield>
  <datafield tag="300" ind1=" " ind2=" ">
    <subfield code="a">1 online resource (XVI, 725 pages 606 illustrations, 485 illustrations in color.)</subfield>
  </datafield>
  <datafield tag="520" ind1=" " ind2=" ">
    <subfield code="a">Intended as a text for upper-division undergraduates, graduate students and as a potential reference, this broad-scoped resource is extensive in its educational appeal by providing a new concept-based organization with end-of-chapter literature references, self-quizzes, and illustration interpretation. The concept-based, pedagogical approach, in contrast to the classic discipline-based approach, was specifically chosen to make the teaching and learning of plant anatomy more accessible for students. In addition, for instructors whose backgrounds may not primarily be plant anatomy, the features noted above are designed to provide sufficient reference material for organization and class presentation. This text is unique in the extensive use of over 1150 high-resolution color micrographs, color diagrams and scanning electron micrographs. Another feature is frequent side-boxes that highlight the relationship of plant anatomy to specialized investigations in plant molecular biology, classical investigations, functional activities, and research in forestry, environmental studies and genetics, as well as other fields. Each of the 19 richly-illustrated chapters has an abstract, a list of keywords, an introduction, a text body consisting of 10 to 20 concept-based sections, and a list of references and additional readings. At the end of each chapter, the instructor and student will find a section-by-section concept review, concept connections, concept assessment (10 multiple-choice questions), and concept applications. Answers to the assessment material are found in an appendix. An index and a glossary with over 700 defined terms complete the volume.</subfield>
  </datafield>
  <datafield tag="650" ind1=" " ind2="0">
    <subfield code="a">Microbial genetics.</subfield>
  </datafield>
  <datafield tag="650" ind1=" " ind2="0">
    <subfield code="a">Microbial genomics.</subfield>
  </datafield>
  <datafield tag="650" ind1=" " ind2="0">
    <subfield code="a">Plant anatomy.</subfield>
  </datafield>
  <datafield tag="650" ind1=" " ind2="0">
    <subfield code="a">Plant development.</subfield>
  </datafield>
  <datafield tag="650" ind1=" " ind2="0">
    <subfield code="a">Plant genetics.</subfield>
  </datafield>
  <datafield tag="650" ind1="1" ind2="4">
    <subfield code="a">Plant Anatomy/Development.</subfield>
  </datafield>
  <datafield tag="650" ind1="2" ind2="4">
    <subfield code="a">Microbial Genetics and Genomics.</subfield>
  </datafield>
  <datafield tag="650" ind1="2" ind2="4">
    <subfield code="a">Plant Genetics and Genomics.</subfield>
  </datafield>
  <datafield tag="700" ind1="1" ind2=" ">
    <subfield code="a">Lyons-Sobaski, Sheila,</subfield>
  </datafield>
  <datafield tag="700" ind1="1" ind2=" ">
    <subfield code="a">Wise, Robert,</subfield>
  </datafield>
  <datafield tag="942" ind1=" " ind2=" ">
    <subfield code="c">AEDBB</subfield>
  </datafield>
  <datafield tag="999" ind1=" " ind2=" ">
    <subfield code="c">20782</subfield>
    <subfield code="d">20782</subfield>
  </datafield>
  <datafield tag="952" ind1=" " ind2=" ">
    <subfield code="0">0</subfield>
    <subfield code="1">0</subfield>
    <subfield code="4">0</subfield>
    <subfield code="6">571_000000000000000_CRA_2018_A028_OR</subfield>
    <subfield code="7">0</subfield>
    <subfield code="9">92295</subfield>
    <subfield code="a">LBA</subfield>
    <subfield code="b">LBA</subfield>
    <subfield code="c">A028</subfield>
    <subfield code="d">2022-11-30</subfield>
    <subfield code="o">571 CRA 2018 A028 Or.</subfield>
    <subfield code="p">a069633</subfield>
    <subfield code="r">2022-11-30</subfield>
    <subfield code="y">AEDBB</subfield>
  </datafield>
</record>
